000
00298nam a2200097Ia 4500
001
802062
005
20250826171049.0
008
250824s9999 xx 000 0 und d
245
0
_a
NEŞELİ ,KEYİFLİ, MACERA VE BİLGİ DOLU OSMANLI TARİHİ 5
_c
ZEHRA AYGÜL
260
_b
UĞUR BÖCEGİ YAYINLARI
999
_c
802062
_d
802062